000 00432nam a2200157 4500
001 144455
003 ES-MaACL
005 20230906201023.0
007 t|
008 070214s1970 sp r ||||1| spa d
100 1 _aSilio Correa, César.
_9106347
245 1 0 _aSemilla prohibida
_b: novela /
_cCésar Silio Correa.
260 _aMadrid :
_bQuevedo,
_c1970.
300 _a355 p. ;
_c18 cm.
852 _aES-MaACL
_jC-40738
_bR.73776
999 _c144455
_d144455